000
00339 a2200157 4500
001
61436
020
_a
8585490136
040
_c
Anchieta - Pituba
100
_a
Macfarlane, Aidan
240
1
0
_a
O diário de Susie
_l
por
245
1
0
_a
O diário de Susie
300
_a
170
362
0
_a
1993
650
4
_a
Literatura infantil
942
_c
BK
999
_c
61436
_d
61436